Az alföldi erdők jövője és a génmegőrzés
Elmentve itt :
| Szerző: | |
|---|---|
| Testületi szerző: | |
| Dokumentumtípus: | Könyv része |
| Megjelent: |
1992
|
| Sorozat: | A Nagyalföld Alapítvány Kötetei
2 Az Alföld-fásítás aktuális kérdései : tudományos emlékülés Kaán Károly születésének 125. évfordulója alkalmából 2 |
| Kulcsszavak: | Fásítás - Alföld, Tájvédelem - Magyarország - regionális, Alföld - természetvédelem, Környezetvédelem - Alföld |
| Tárgyszavak: | |
| Online Access: | http://acta.bibl.u-szeged.hu/63918 |
| LEADER | 01086naa a2200241 i 4500 | ||
|---|---|---|---|
| 001 | acta63918 | ||
| 005 | 20260224081030.0 | ||
| 008 | 191216s1992 hu o 000 hun d | ||
| 020 | |a 963 042 443 6 | ||
| 022 | |a 1216-4933 | ||
| 040 | |a SZTE Egyetemi Kiadványok Repozitórium |b hun | ||
| 041 | |a hun | ||
| 100 | 1 | |a Mátyás Csaba | |
| 245 | 1 | 3 | |a Az alföldi erdők jövője és a génmegőrzés |h [elektronikus dokumentum] / |c Mátyás Csaba |
| 260 | |c 1992 | ||
| 300 | |a 53-58 | ||
| 490 | 0 | |a A Nagyalföld Alapítvány Kötetei |v 2 | |
| 490 | 0 | |a Az Alföld-fásítás aktuális kérdései : tudományos emlékülés Kaán Károly születésének 125. évfordulója alkalmából |v 2 | |
| 650 | 4 | |a Természettudományok | |
| 650 | 4 | |a Föld- és kapcsolódó környezettudományok | |
| 695 | |a Fásítás - Alföld, Tájvédelem - Magyarország - regionális, Alföld - természetvédelem, Környezetvédelem - Alföld | ||
| 710 | |a Az Alföld-fásítás aktuális kérdései (1992) (Püspökladány) | ||
| 856 | 4 | 0 | |u http://acta.bibl.u-szeged.hu/63918/1/nagyalfoldi_002_053-058.pdf |z Dokumentum-elérés |